| 000 | 01239nam a2200337 i 4500 | ||
|---|---|---|---|
| 001 | 11859 | ||
| 003 | KOSZ 005 | ||
| 005 | 20200624113906.0 | ||
| 008 | 080127s1967 pl a f 000 0 pol | ||
| 015 | _aPB 1967/5935 | ||
| 040 |
_aWA N _cKOSZ 005/RW _dKOSZ 005/RW _dKOSZ 005/HR |
||
| 046 | _k1967 | ||
| 080 | _a631.1 | ||
| 100 | 1 |
_aWoś, Augustyn _d(1932-2010) _eAutor |
|
| 245 | 1 | 0 |
_aMetody matematyczne w organizacji gospodarstwa rolniczego / _cAugustyn Woś, Józef S. Zegar. |
| 260 |
_aWarszawa : _bPaństwowe Wydawnictwo Rolnicze i Leśne, _c1967. |
||
| 300 |
_a202, [2] s., [1] k. tabl. : _bil. ; _c23 cm. |
||
| 380 | _aKsiążki. | ||
| 388 | _a1901-2000 | ||
| 490 | 1 | _aSeria E. | |
| 504 | _aBibliogr. s. 200-[203]. | ||
| 658 | _aRolnictwo i leśnictwo | ||
| 650 | 4 | _aOrganizacja | |
| 650 | 4 | _aModele matematyczne | |
| 650 | 4 | _aGospodarstwo rolne | |
| 700 | 1 |
_aZegar, Józef Stanisław _d(1940- ). _eAutor |
|
| 710 | 2 |
_aPaństwowe Wydawnictwo Rolnicze i Leśne _4pbl. |
|
| 830 | 0 | _aSeria E - Państwowe Wydawnictwo Rolnicze i Leśne. | |
| 856 |
_uhttp://koha.tu.koszalin.pl/cgi-bin/koha/opac-detail.pl?biblionumber=11859 _yKatalog online BPK |
||
| 942 |
_2UKD _cKS |
||
| 999 |
_c11859 _d11859 |
||